000 00789nam a2200217Ia 4500
001 10136
003 GE_BSU
008 181216s||||||||xx |||||||||||||| ||und||
020 _a9789941215957
040 _cGE_BSU
080 _a271.22-726.1+27-36
245 _aწმინდა მღვდელმთავარი გაბრიელი (ქიქოძე)წ.2
245 _cპროექტის რედ. თამარ მამაცაშვილი.შემდგ. სოფიო თავაძე
260 _aთბილისი
260 _bპალიტრა L
260 _c2014
300 _a164გვ.20სმ.
541 _h3ლ.
653 _aწმინდა მღვდელმთავარი გაბრიელი
942 _cBK
999 _c43408
_d43408